00437nam a2200145Ia 4500008004100000040001300041100001100054100001700065245012600082260001400208260001000222260000900232300000800241700004200249180423s9999 xx 000 0 und d aPK-NaQUE a12ME67 aAmmar Ahsan  0aDesign & Fabricaton of Fluidized Bed Boiler (Keller Type) Using Dry and Wet Biomass Fuel Combustion Miniature Power Plant aNawabshah bQUEST c2012 a108 aDepartment of Mechanical Engineering